000 00282nam a22001337a 4500
008 171013b xxu||||| |||| 00| 0 eng d
020 _a9780312431341
041 _aeng
080 _a316
100 _a51
101 _asoc
245 _aSIGNS OF LIFE
_cMAASIK, S
942 _2udc
_cBK
999 _c33701
_d33701